[Event "Titled Tuesday intern op 7th Januar"]
[Site "Chess.com INT"]
[Date "2020.01.07"]
[Round "8"]
[White "Wadsworth, Matthew J"]
[Black "Zharov, Dmitry"]
[Result "1-0"]
[WhiteElo "2401"]
[BlackElo "2312"]
[PlyCount "63"]
[EventDate "2020.01.07"]
[EventType "swiss (blitz)"]
[EventRounds "10"]
[EventCountry "USA"]
[SourceTitle "EXT 2021"]
[Source "ChessBase"]
[SourceDate "2020.10.23"]
[SourceVersion "1"]
[SourceVersionDate "2020.10.23"]
[SourceQuality "1"]

1. Nf3 Nf6 2. g3 d5 3. Bg2 c5 4. 0-0 Nc6 5. c4 e6 6. b3 Be7 7. e3 0-0 8. Bb2 b6 9. Nc3 Bb7 10. cxd5 Nxd5 11. Nxd5 exd5 12. d4 Bf6 13. Ne5 cxd4 14. Nxc6 Bxc6 15. Bxd4 Rc8 16. Rc1 Bb5 17. Rxc8 Qxc8 18. Bxf6 Bxf1 19. Bxf1 gxf6 20. Qxd5 Rd8 21. Qf3 Qc1 22. Kg2 Qb2 23. Bc4 Rd2 24. h4 Qe5 25. Qb7 Qe8 26. h5 Kg7 27. Bd5 Kh6 28. e4 Qe5 29. Qxf7 Qd4 30. Qf8+ Kxh5 31. Bf7+ Kg5 32. Qg7# 1-0

[Event "Titled Tuesday intern op 7th Januar"]
[Site "Chess.com INT"]
[Date "2020.01.07"]
[Round "6"]
[White "Zharov, Dmitry"]
[Black "Steindl, Johannes"]
[Result "1-0"]
[WhiteElo "2312"]
[BlackElo "2292"]
[PlyCount "51"]
[EventDate "2020.01.07"]
[EventType "swiss (blitz)"]
[EventRounds "10"]
[EventCountry "USA"]
[SourceTitle "EXT 2021"]
[Source "ChessBase"]
[SourceDate "2020.10.23"]
[SourceVersion "1"]
[SourceVersionDate "2020.10.23"]
[SourceQuality "1"]

1. e4 e5 2. Nf3 Nc6 3. Bc4 g6 4. 0-0 Bg7 5. c3 Nge7 6. d4 d6 7. h3 0-0 8. Be3 exd4 9. Nxd4 Nxd4 10. Bxd4 Nc6 11. Bxg7 Kxg7 12. Nd2 Bd7 13. Qc2 Qf6 14. Rae1 Rae8 15. f4 Qh4 16. Re2 f5 17. exf5 Bxf5 18. Qb3 Na5 19. Qb5 Nxc4 20. Qxc4 d5 21. Qb5 c6 22. Qxb7+ Rf7 23. Qa6 Bc8 24. Qd3 Bf5 25. Qd4+ Kf8 26. Qh8# 1-0

[Event "Moscow-chT U26 final"]
[Site "Moscow"]
[Date "2010.11.09"]
[Round "2"]
[White "Borzov, Roman"]
[Black "Zharov, Dmitry"]
[Result "0-1"]
[WhiteElo "2016"]
[BlackElo "2312"]
[PlyCount "63"]
[EventDate "2010.11.07"]
[EventType "team-tourn"]
[EventRounds "9"]
[EventCountry "RUS"]
[SourceTitle "CBM 139 Extra"]
[Source "ChessBase"]
[SourceDate "2011.01.05"]
[SourceVersion "1"]
[SourceVersionDate "2011.01.05"]
[SourceQuality "1"]

1. e4 c6 2. d4 d5 3. e5 Bf5 4. h4 h5 5. c4 e6 6. Nc3 Nd7 7. Nge2 dxc4 8. Ng3 Bg6 9. Bxc4 Nb6 10. Be2 Be7 11. Nge4 Nd5 12. Kf1 Nxc3 13. Nxc3 Bxh4 14. Be3 Bg5 15. f4 Be7 16. Bxh5 Bb4 17. Kf2 Bxh5 18. Rxh5 Rxh5 19. Qxh5 Bxc3 20. bxc3 Qa5 21. Bd2 Qd5 22. Qf3 Qc4 23. Qe2 Qa4 24. Be3 Ne7 25. Rb1 0-0-0 26. Rb4 Qa5 27. Qb2 Rd7 28. c4 Nf5 29. a3 Qd8 30. Ke2 Qh4 31. d5 Qg4+ 32. Kd3 0-1

[Event "Moscow CC Mephi 1st League"]
[Site "Moscow"]
[Date "2009.02.20"]
[Round "5"]
[White "Zharov, Dmitry"]
[Black "Bezotosniy, Yaroslav I"]
[Result "1-0"]
[WhiteElo "2343"]
[BlackElo "2223"]
[PlyCount "145"]
[EventDate "2009.02.16"]
[EventType "tourn"]
[EventRounds "15"]
[EventCountry "RUS"]
[EventCategory "1"]
[SourceTitle "CBM 129 Extra"]
[Source "ChessBase"]
[SourceDate "2009.05.05"]
[SourceVersion "2"]
[SourceVersionDate "2009.05.20"]
[SourceQuality "1"]

1. Nf3 c5 2. e4 d6 3. d4 cxd4 4. Nxd4 Nf6 5. Nc3 g6 6. Be3 Bg7 7. f3 Nc6 8. Qd2 0-0 9. Bc4 Bd7 10. 0-0-0 Rc8 11. Bb3 Ne5 12. Kb1 Nc4 13. Bxc4 Rxc4 14. g4 b5 15. b3 b4 16. Nd5 Nxd5 17. exd5 Rc5 18. Nc6 Bxc6 19. Bxc5 dxc5 20. dxc6 Qc7 21. Qd5 Qa5 22. Rhe1 Qa3 23. Re5 c4 24. bxc4 e6 25. Qe4 Bxe5 26. Qxe5 Qxf3 27. Qd6 Rc8 28. Qd8+ Rxd8 29. Rxd8+ Kg7 30. c7 Qf1+ 31. Kb2 Qf6+ 32. Kb1 Qf1+ 33. Kb2 Qf6+ 34. Kb3 Qf3+ 35. c3 Qxc3+ 36. Ka4 Qxc4 37. c8Q Qxa2+ 38. Kb5 Qe2+ 39. Qc4 Qxh2 40. Qxb4 Kf6 41. Ka6 e5 42. Rd7 Qa2+ 43. Kb7 Kg5 44. Qe7+ f6 45. Rd6 Qb3+ 46. Kxa7 Qa3+ 47. Kb7 Qb4+ 48. Kc8 Kxg4 49. Qxf6 Qc5+ 50. Rc6 Qd5 51. Rc1 Qa8+ 52. Kd7 Qa4+ 53. Kd6 Qb4+ 54. Rc5 Qb6+ 55. Rc6 Qb8+ 56. Kd5 Qb5+ 57. Rc5 Qb7+ 58. Qc6 Qxc6+ 59. Rxc6 Kf5 60. Rc1 Kf4 61. Rf1+ Kg3 62. Ke4 Kg2 63. Rf7 h5 64. Rg7 Kf2 65. Rxg6 h4 66. Rh6 Kg3 67. Ke3 h3 68. Rg6+ Kh2 69. Kf2 Kh1 70. Rh6 Kh2 71. Rh4 e4 72. Rxe4 Kh1 73. Kg3 1-0

[Event "Moscow CC Mephi 1st League"]
[Site "Moscow"]
[Date "2009.02.16"]
[Round "1"]
[White "Zharov, Dmitry"]
[Black "Kurumanov, Petr A"]
[Result "1/2-1/2"]
[WhiteElo "2343"]
[BlackElo "2287"]
[PlyCount "44"]
[EventDate "2009.02.16"]
[EventType "tourn"]
[EventRounds "15"]
[EventCountry "RUS"]
[EventCategory "1"]
[SourceTitle "CBM 129 Extra"]
[Source "ChessBase"]
[SourceDate "2009.05.05"]
[SourceVersion "2"]
[SourceVersionDate "2009.05.20"]
[SourceQuality "1"]

1. Nf3 Nf6 2. d4 d5 3. c4 c6 4. Nc3 a6 5. e3 b5 6. cxd5 cxd5 7. Bd3 e6 8. 0-0 Nbd7 9. Bd2 Bb7 10. a4 b4 11. Ne2 a5 12. Ne5 Bd6 13. f4 0-0 14. Ng3 Rc8 15. Rc1 Qb6 16. Qe2 Rxc1 17. Rxc1 Rc8 18. Rxc8+ Bxc8 19. h3 Bb7 20. Be1 h6 21. b3 Qc7 22. Qc2 Qxc2 1/2-1/2

[Event "RUS-chT2"]
[Site "Sochi"]
[Date "2008.04.06"]
[Round "4"]
[White "Gladyszev, Oleg"]
[Black "Zharov, Dmitry"]
[Result "1-0"]
[WhiteElo "2485"]
[BlackElo "2346"]
[PlyCount "85"]
[EventDate "2008.04.03"]
[EventType "team"]
[EventRounds "9"]
[EventCountry "RUS"]
[SourceTitle "CBM 123 Extra"]
[Source "ChessBase"]
[SourceDate "2008.05.06"]
[SourceVersion "1"]
[SourceVersionDate "2008.05.06"]
[SourceQuality "1"]

1. d4 Nf6 2. c4 e6 3. Nc3 Bb4 4. Qc2 d5 5. a3 Bxc3+ 6. Qxc3 Ne4 7. Qc2 c5 8. dxc5 Nc6 9. e3 Qa5+ 10. Bd2 Nxd2 11. Qxd2 Qxc5 12. b4 Qd6 13. c5 Qc7 14. Nf3 0-0 15. Be2 Rd8 16. 0-0 e5 17. b5 Ne7 18. Qb4 f6 19. Rfc1 Be6 20. a4 d4 21. exd4 e4 22. Ne1 Nd5 23. Qb2 Nf4 24. Bf1 Qf7 25. Qd2 g5 26. Qe3 Bd5 27. Nc2 Bc4 28. g3 Nd3 29. Rcb1 Re8 30. Qd2 Ba2 31. Rd1 Bb3 32. Bxd3 exd3 33. Qxd3 Bc4 34. Qc3 Bd5 35. Ne3 Bf3 36. Re1 Qh5 37. Ng2 g4 38. Nh4 Bd5 39. Rxe8+ Rxe8 40. Re1 Rxe1+ 41. Qxe1 Qf7 42. Nf5 Kf8 43. c6 1-0

[Event "RUS-chT2"]
[Site "Sochi"]
[Date "2007.05.06"]
[Round "4"]
[White "Rodchenkov, Sergey D"]
[Black "Zharov, Dmitry"]
[Result "1/2-1/2"]
[WhiteElo "2399"]
[BlackElo "2337"]
[PlyCount "52"]
[EventDate "2007.05.03"]
[EventType "team"]
[EventRounds "9"]
[EventCountry "RUS"]
[SourceTitle "CBM 118 Extra"]
[Source "ChessBase"]
[SourceDate "2007.07.04"]
[SourceVersion "1"]
[SourceVersionDate "2007.07.04"]
[SourceQuality "1"]

1. d4 Nf6 2. c4 e6 3. Nc3 Bb4 4. Qc2 d5 5. a3 Be7 6. cxd5 exd5 7. Bg5 0-0 8. e3 Re8 9. Bd3 Nbd7 10. Nge2 Nf8 11. 0-0 c6 12. f3 Ng6 13. e4 dxe4 14. fxe4 Bg4 15. Bc4 Be6 16. Bxe6 fxe6 17. Qb3 Qd7 18. Rad1 Kh8 19. e5 Nd5 20. Ne4 Rf8 21. Qh3 Rxf1+ 22. Rxf1 Rf8 23. Qh5 Rxf1+ 24. Kxf1 Kg8 25. h4 Bf8 26. Qf3 h6 1/2-1/2

[Event "RUS-chT2"]
[Site "Sochi"]
[Date "2007.05.03"]
[Round "1"]
[White "Chuprikov, Dmitry"]
[Black "Zharov, Dmitry"]
[Result "1/2-1/2"]
[WhiteElo "2394"]
[BlackElo "2337"]
[PlyCount "75"]
[EventDate "2007.05.03"]
[EventType "team"]
[EventRounds "9"]
[EventCountry "RUS"]
[SourceTitle "CBM 118 Extra"]
[Source "ChessBase"]
[SourceDate "2007.07.04"]
[SourceVersion "1"]
[SourceVersionDate "2007.07.04"]
[SourceQuality "1"]

1. d4 Nf6 2. c4 e6 3. Nc3 Bb4 4. e3 c5 5. Bd3 cxd4 6. exd4 d5 7. Nf3 dxc4 8. Bxc4 0-0 9. 0-0 b6 10. Bg5 Bb7 11. Rc1 Nbd7 12. Qb3 Be7 13. Qd1 Ne4 14. Bxe7 Qxe7 15. Qe2 Ndf6 16. Ne5 Rac8 17. Nxe4 Bxe4 18. Ba6 Bb7 19. a3 Nd5 20. Bxb7 Qxb7 21. g3 Ne7 22. Qf3 Qxf3 23. Nxf3 Rfd8 24. Rfd1 f6 25. Kf1 g5 26. h3 Kf7 27. Ke2 h5 28. h4 g4 29. Nd2 a6 30. Nc4 b5 31. Na5 Rxc1 32. Rxc1 Rxd4 33. Rc7 Rd6 34. Rb7 Rd5 35. b4 Re5+ 36. Kd2 Rd5+ 37. Ke2 Re5+ 38. Kd2 1/2-1/2

[Event "Moscow Jan"]
[Site "Moscow"]
[Date "2007.01.24"]
[Round "15"]
[White "Zharov, Dmitry"]
[Black "Kushnirov, Juruj"]
[Result "1/2-1/2"]
[WhiteElo "2330"]
[BlackElo "2241"]
[PlyCount "21"]
[EventDate "2007.01.10"]
[EventType "tourn"]
[EventRounds "15"]
[EventCountry "RUS"]
[SourceTitle "EXT 2010"]
[Source "ChessBase"]
[SourceDate "2010.11.25"]
[SourceVersion "1"]
[SourceVersionDate "2010.11.25"]
[SourceQuality "1"]

1. e4 c5 2. Nf3 Nc6 3. Nc3 d6 4. d4 cxd4 5. Nxd4 e5 6. Ndb5 a6 7. Na3 Nf6 8. Bg5 b5 9. Nd5 Qa5+ 10. Bd2 Qd8 11. Bg5 1/2-1/2

[Event "Moscow Jan"]
[Site "Moscow"]
[Date "2007.01.15"]
[Round "6"]
[White "Zharov, Dmitry"]
[Black "Glotov, Mikhail"]
[Result "1-0"]
[WhiteElo "2330"]
[BlackElo "2281"]
[PlyCount "71"]
[EventDate "2007.01.10"]
[EventType "tourn"]
[EventRounds "15"]
[EventCountry "RUS"]
[SourceTitle "EXT 2010"]
[Source "ChessBase"]
[SourceDate "2010.11.25"]
[SourceVersion "1"]
[SourceVersionDate "2010.11.25"]
[SourceQuality "1"]

1. d4 d5 2. c4 c6 3. cxd5 cxd5 4. Nc3 Nf6 5. Bf4 Bf5 6. e3 Qb6 7. Qb3 Nc6 8. Qxb6 axb6 9. Nf3 e6 10. Bb5 Nd7 11. Nh4 Nb4 12. Kd2 Bg4 13. h3 Bh5 14. a3 Nc6 15. g4 Bg6 16. Nf3 Be7 17. h4 0-0 18. Ke2 Be4 19. Nxe4 dxe4 20. Nd2 Ra5 21. Bxc6 bxc6 22. Nxe4 c5 23. dxc5 bxc5 24. g5 Rb5 25. Rab1 Nb6 26. Rhd1 Rb3 27. Rd3 Rxd3 28. Kxd3 f5 29. gxf6 gxf6 30. Bh6 Rd8+ 31. Kc3 Kf7 32. Rg1 Rg8 33. Rxg8 Kxg8 34. b3 Kf7 35. h5 Ke8 36. a4 1-0

[Event "Moscow Rector Cup"]
[Site "Moscow"]
[Date "2006.07.11"]
[Round "12"]
[White "Zharov, Dmitry"]
[Black "Efimova, Olga"]
[Result "1-0"]
[WhiteElo "2326"]
[BlackElo "2216"]
[PlyCount "47"]
[EventDate "2006.07.02"]
[EventType "tourn"]
[EventRounds "15"]
[EventCountry "RUS"]
[SourceTitle "EXT 2008"]
[Source "ChessBase"]
[SourceDate "2007.11.25"]
[SourceVersion "1"]
[SourceVersionDate "2007.11.25"]
[SourceQuality "1"]

1. c4 Nf6 2. Nc3 c6 3. d4 d5 4. Bg5 Qa5 5. Bxf6 gxf6 6. cxd5 cxd5 7. Qb3 e6 8. e3 a6 9. Bd3 Nc6 10. a3 Nb4 11. Be2 b5 12. Nf3 Bd7 13. 0-0 Nc6 14. e4 dxe4 15. Nxe4 Be7 16. d5 Ne5 17. d6 Bd8 18. Nxe5 fxe5 19. Qf3 f5 20. Nc5 Ra7 21. Qh5+ Kf8 22. Qh6+ Kg8 23. Nxd7 Rxd7 24. Qxe6+ 1-0